MSMQ from scratch / (Record no. 62576)

MARC details
000 -LEADER
fixed length control field 00404nam a22001457a 4500
005 - DATE AND TIME OF LATEST TRANSACTION
control field 20180731152150.0
020 ## - INTERNATIONAL STANDARD BOOK NUMBER
International Standard Book Number 8120316606
Terms of availability 150.00
035 ## - SYSTEM CONTROL NUMBER
System control number A-998850, A-998844
037 ## - SOURCE OF ACQUISITION
Stock number DPL
Source of stock number/acquisition ENG
100 ## - MAIN ENTRY--PERSONAL NAME
Personal name Crane, Neil
245 ## - TITLE STATEMENT
Title MSMQ from scratch /
Statement of responsibility, etc by Neil Crane
260 ## - PUBLICATION, DISTRIBUTION, ETC. (IMPRINT)
Place of publication, distribution, etc New Delhi
Name of publisher, distributor, etc Prentice-Hall of India
Date of publication, distribution, etc 2000
300 ## - PHYSICAL DESCRIPTION
Extent 350p.
Dimensions 20 cms.
942 ## - ADDED ENTRY ELEMENTS (KOHA)
Source of classification or shelving scheme Dewey Decimal Classification
Item type English Books
Classification part 005.754
Call number suffix CRA
Holdings
Withdrawn status Lost status Not for loan Collection code Home library Current library Date acquired Cost, normal purchase price Full call number Barcode Cost, replacement price Koha item type Source of acquisition
      Non-fiction Patel Nagar Patel Nagar 31/07/2018 150.00 005.754 CRA A-998844 150.00 English Books BPPD/PUB
      Non-fiction Sarojini Nagar Sarojini Nagar 11/02/2012 150.00 005.754 CRA A-998850 150.00 English Books  

© Delhi Public Library
Hit Counter
free hit counter